000 00500nam a2200181Ia 4500
001 12645
005 20260306162956.0
008 260306t2010||||xx |||||||||||||| ||spa||
041 _aESP
082 _aHR 372.24
_bNº 26 ML
100 _aCosta Alva, Yanira (dir.)
_eAUT
245 0 _aMaestra líder:
_brevista pedagógica para educación inicial 1ro y 2do grado de primaria
260 _c2010
300 _a32 páginas :
_c29 cm.
650 _aGEN
654 _aCED
942 _cREV
_dJUS
_fJUS
_2ddc
_n
999 _c12645
_d12645